La revolución de los derechos : abogados, activistas y cortes supremas en perspectiva comparada /
Guardado en:
| Autor Principal: | |
|---|---|
| Otros Autores: | |
| Formato: | Libro |
| Idioma: | Undetermined |
| Publicado: |
Buenos Aires :
Siglo veintiuno,
2013.
|
| Edición: | 1a. ed. |
| Series: | Derecho y política
|
| Materias: | |
| Etiquetas: |
Agregar Etiqueta
Sin Etiquetas, Sea el primero en etiquetar este registro!
|
| LEADER | 00686nam a22001935a 4500 | ||
|---|---|---|---|
| 001 | DER.der015385 | ||
| 008 | 251030s2013####ag############000#0#und#d | ||
| 005 | 20260210092952.0 | ||
| 245 | 1 | 0 | |a La revolución de los derechos : |b abogados, activistas y cortes supremas en perspectiva comparada / |c Charles R. Epp ; traducido por Alcira Bixio. |
| 250 | |a 1a. ed. | ||
| 260 | |a Buenos Aires : |b Siglo veintiuno, |c 2013. | ||
| 300 | |a 363 p. | ||
| 490 | 1 | |a Derecho y política | |
| 020 | |a 9789876293020 | ||
| 100 | 1 | |a Epp, Charles R. | |
| 700 | 1 | |a Bixio, Alcira, |e trad. | |
| 650 | 7 | |a CIENCIA POLÍTICA | |
| 859 | |a DERECHO |b BIB. DERECHO |h 340 |i EPP |p 0010059 | ||
| 859 | |a DERECHO |b BIB. DERECHO |h 340 |i EPP |p 0010709 |t 1 | ||
